1762 1439 1150 1627 1932 1060 1984 1827 1904 1468 1534 1263 1004 1385 1226 1050 1066 1884 1358 1495 1120 1922 1948 1464 1171 1512 1554 1685 1587 1019 1266 1802 1559 1549 1195 1206 1600 1419 1877 1398 1815 1753 1684 1927 1507 1084 1015 1105 1570 1491 1698 1080 1825 1844 1383 1750 1151 1566 1941 1105 1439 1220 1075 1029 1981 1411 1217 1975 1992 1743 1059 1572 1996 1045 1630 1383 1341 1523 1930 1063 1072 1587 1967 1331 1380 1332 1566 1651 1041 1496 1848 1740 1482 1607 1816 1322 1145 1177 1471 BCNSPRNW ULIB Ver.6.0+V

เปลี่ยนเป็นภาษาไทย

Change to English
 แสดงรายละเอียดบรรณานุกรม
  กลับหน้าหลัก

Brief Record : Get Marc (ISO 2709) : E-mail record : QR code < ปิดหน้าต่าง
LEADER : 00000nam 2200000uu 4500
001    13399122884
003     ULIB
008    131024s2012||||th 000 0 eng d
020    ^a1455703796 (paperback) ^c^50.95
020    ^a9781455703791 (paperback)
060  4 WY18.2^bL755s
100 1  ^aLinda Anne Silvestri
245 10 ^aSaunders comprehensive review for the nclex-pn 5e / ^cLinda Anne Silvestri PhD RN.
250    ^a5th ed.
260    ^a[S.l.] : ^bSaunders, ^c2012.
300    ^a1040 p. ; ^c28 cm.
490 1  ^aSaunders comprehensive review for nclex-pn.
520    ^aThis title includes additional digital media when purchased in print format. For this digital book edition, media content is not included. Get everything you need to review for the NCLEX-PN exam from one trusted source! This unique, bestselling review and preparation guide offers the perfect combination of core content review, practice questions, comprehensive rationales, and detailed test-taking strategies from the NCLEX expert herself: Linda Silvestri. Updated to reflect the latest NCLEX-PN test plan, this new edition features over 4,200 high-quality review questions in the book and on the companion Evolve website to help you hone your understanding of all the important NCLEX-PN content areas. More than 4,200 practice questions in the text and companion Evolve site provide ample testing practice in both print and electronic format - 500 more than the last edition! 15 pharmacology chapters address the emphasis on pharmacology questions on the NCLEX-PN exam. Hundreds of alternate item formats - including multiple response, ordered response, fill-in-the-blank, figure, chart/exhibit, audio, graphic option, and video questions - prepare you for this additional component of the new NCLEX-PN test plan. Pyramid points identify content that typically appears on the NCLEX-PN test plan. Pyramid to Success sections provide an overview of the chapter, guidance on what content to focus on, and its relative importance to the most recent NCLEX-PN test plan. Comprehensive exam consisting of 85 questions related to all content areas in the book and representative of the percentages identified in the NCLEX-PN test plan. Updated content and questions reflect the latest NCLEX-PN test plan. New full-color design makes for a more visually engaging learning experience. Priority Nursing Actions boxes outline and explain clinical emergent situations requiring immediate action, including detailed rationales and textbook references to help strengthen your prioritizing skills in clinical and testing situations. Pyramid Alert boxes reinforce learning of essential content frequently tested on the NCLEX-PN exam. New video and graphic option questions familiarize you with all the alternate item format question types. New chapter on Physical Assessment of the Adult Client highlights the key components of physical examination and health history often encountered on the NCLEX-PN&^65533; exam.
830  0 ^aSaunders comprehensive review for nclex-pn.
945    ^p0^l0^i034102
999    ^aเกษร โพธิ์สุวรรณ
รายการนี้ยังไม่มีแท็ก
คุณยังไม่ได้ล็อกอิน คุณสามารถมีกิจกรรมร่วมกับเว็บไซต์ได้ แต่ต้องล็อกอินก่อน ::
  ล็อกอิน

รายการสื่อสารสนเทศ

ลำดับที่ ประเภท เลขเรียก/บาร์โค้ด สถานที่ สถานะ
1. Book การพยาบาล
Book การพยาบาล
WY18.2 L755s  
  Barcode: 034102
ห้องสมุดวิทยาเขตสวรรค์ประชารักษ์
►หนังสือทั่วไป
บนชั้น

รายการใกล้เคียง
    ผู้แต่ง [Linda Anne Silvestri]

BibComment


ยังไม่เคยถูกคอมเมนท์

คอมเมนท์ทรัพยากรรายการนี้
  คอมเมนท์: Saunders compreh..


 Copyright 2026. Bcnsprnw @Library